MARC details
| 000 -CABECERA |
| campo de control de longitud fija |
01635nam a2200241 a 4500 |
| 001 - NÚMERO DE CONTROL |
| campo de control |
000041801 |
| 005 - FECHA Y HORA DE LA ÚLTIMA TRANSACCIÓN |
| campo de control |
20250520113501.0 |
| 008 - DATOS DE LONGITUD FIJA--INFORMACIÓN GENERAL |
| campo de control de longitud fija |
090820s1995 sp 001 0 spa d |
| 020 ## - NÚMERO INTERNACIONAL ESTÁNDAR DEL LIBRO |
| Número Internacional Estándar del Libro |
8481640468 |
| 040 ## - FUENTE DE LA CATALOGACIÓN |
| Centro catalogador/agencia de origen |
DO-SdBNP |
| Lengua de catalogación |
spa |
| Centro/agencia transcriptor |
BNPHU |
| 082 ## - NÚMERO DE LA CLASIFICACIÓN DECIMAL DEWEY |
| Número de clasificación |
153.42 |
| Número de documento/Ítem |
M549h |
| 245 00 - MENCIÓN DE TÍTULO |
| Título |
La mente humana / |
| Mención de responsabilidad, etc. |
edición de Fernando Broncano. |
| 260 ## - PUBLICACIÓN, DISTRIBUCIÓN, ETC. |
| Lugar de publicación, distribución, etc. |
Madrid : |
| Nombre del editor, distribuidor, etc. |
Trotta : |
| -- |
Consejo Superior de Investigaciones Científicas :, |
| Fecha de publicación, distribución, etc. |
1995. |
| 300 ## - DESCRIPCIÓN FÍSICA |
| Extensión |
v. ; |
| Dimensiones |
24 cm. |
| 490 1# - MENCIÓN DE SERIE |
| Mención de serie |
Enciclopedia Iberoaméricana de Filosofía |
| Designación de volumen o secuencia |
8 |
| 500 ## - NOTA GENERAL |
| Nota general |
Incluye referencias bibliográficas y notas al pie de las páginas |
| 505 0# - NOTA DE CONTENIDO CON FORMATO |
| Nota de contenido con formato |
La tesis de la identidad mente-cuerpo / Eduardo Rabossi -- El funcionalismo / Manuel García-Carpintero -- La concepción teológica de los estados mentales y de su contenido / Daniel Quesada -- Teorías de la arquitectura de lo mental / Jesús Ezquerro -- El conexionismo y su impacto en la filosofía de la mente / Josep Corbí y Josep L. Paredes -- Teoría del contenido mental / Juan José Acero -- Causalidad y contenido mental / Manuel Liz -- Eliminativismo y el futuro de la psicología popular / Josefa Toribio Mateas -- Evolución y lenguaje / Antoni Gomila Benejam -- El control racional de la conducta / Fernando Broncano -- Percepción / Vicente Sanfélix Vidarte -- Qualia: propiedades fenomenológicas / Alfonso García Suárez -- Conciencia / Enrique Villanueva. |
| 650 #0 - PUNTO DE ACCESO ADICIONAL DE MATERIA--TÉRMINO DE MATERIA |
| Término de materia o nombre geográfico como elemento de entrada |
Pensamiento |
| 9 (RLIN) |
22995 |
| 650 #4 - PUNTO DE ACCESO ADICIONAL DE MATERIA--TÉRMINO DE MATERIA |
| Término de materia o nombre geográfico como elemento de entrada |
Psicología del aprendizaje |
| 9 (RLIN) |
2721 |
| 700 12 - PUNTO DE ACCESO ADICIONAL--NOMBRE DE PERSONA |
| Nombre de persona |
Broncano, Fernández |
| Término indicativo de función/relación |
ed. |
| 9 (RLIN) |
68666 |
| 830 #0 - PUNTO DE ACCESO ADICIONAL DE SERIE-TÍTULO UNIFORME |
| Título uniforme |
Enciclopedia Iberoaméricana de Filosofía |
| Número de parte o sección de la obra |
2 |
| 9 (RLIN) |
68667 |
| 910 ## - DATOS DE OPCIÓN DEL USUARIO (OCLC) |
| Datos de opción del usuario |
Validado. Control de calildad MFF |